|
|
|
|
| LEADER |
01460nam a2200445 a 4500 |
| 001 |
nkc20102127957 |
| 003 |
CZ PrNK |
| 005 |
20101111090639.0 |
| 007 |
ta |
| 008 |
100923s2010 xr e 000 0ccze |
| 015 |
|
|
|a cnb002127957
|
| 020 |
|
|
|a 978-80-7362-854-3
|q (váz.)
|
| 035 |
|
|
|a (OCoLC)681499837
|
| 040 |
|
|
|a OLA001
|b cze
|
| 043 |
|
|
|a e------
|
| 045 |
|
|
|a p-x-
|
| 072 |
|
7 |
|a 94(4)
|x Dějiny Evropy
|2 Konspekt
|9 8
|
| 072 |
|
7 |
|a 929
|x Biografie
|2 Konspekt
|9 8
|
| 080 |
|
|
|a 929.731-055.2
|2 MRF
|
| 080 |
|
|
|a 94(4)
|2 MRF
|
| 080 |
|
|
|a (092)
|2 MRF
|
| 100 |
1 |
|
|a Poberová, Slávka,
|d 1943-
|7 jk01100162
|4 aut
|
| 245 |
1 |
0 |
|a Nejmocnější ženy Evropy /
|c Slávka Poberová, Melita Denková
|
| 250 |
|
|
|a Vyd. 1.
|
| 260 |
|
|
|a Frýdek-Místek :
|b Alpress,
|c 2010
|
| 300 |
|
|
|a 253 s. ;
|c 21 cm
|
| 504 |
|
|
|a Obsahuje bibliografii
|
| 648 |
|
7 |
|a 12.-20. století
|7 ch757071
|2 czenas
|
| 650 |
0 |
7 |
|a panovnice
|7 ph123930
|z Evropa
|2 czenas
|
| 650 |
0 |
9 |
|a queens and empresses
|z Europe
|2 eczenas
|
| 655 |
|
7 |
|a biografie
|7 fd131909
|2 czenas
|
| 655 |
|
9 |
|a biography
|2 eczenas
|
| 651 |
|
7 |
|a Evropa
|7 ge137210
|x dějiny
|y 12.-20. stol.
|2 czenas
|
| 651 |
|
9 |
|a Europe
|x history
|y 12th-20th centuries
|2 eczenas
|
| 700 |
1 |
|
|a Denková, Melita,
|d 1951-
|7 jn20020716688
|4 aut
|
| 910 |
2 |
|
|a BOA001
|b 2-1249.535
|
| 990 |
|
|
|a BK
|
| 995 |
|
|
|a 01
|
| 991 |
|
|
|b 201010
|c NOV
|e n
|
| 996 |
6 |
|
|b 2610448132
|c 2-1249.535
|l MZK
|r Sklad / do 1 hodiny
|n 2
|p p.v.
|w 001145934
|u 000010
|a 1
|e BOA001
|j MZK50
|s P
|